| 000 | 00412nam a2200181Ia 4500 | ||
|---|---|---|---|
| 001 | 10617 | ||
| 005 | 20260306161845.0 | ||
| 008 | 260306t1984||||xx |||||||||||||| ||spa|| | ||
| 041 | _aESP | ||
| 082 |
_a944.06 _bB65 |
||
| 100 |
_aBluche, Frédéric _eAUT |
||
| 245 | 0 | _aEl Bonapartismo | |
| 260 | _c1984 | ||
| 300 |
_a188 páginas : _c17 cm. |
||
| 650 | _aGEN | ||
| 654 | _aCHU | ||
| 942 |
_cLIB _dJUS _fJUS _2ddc _n |
||
| 999 |
_c10617 _d10617 |
||